000 00653cam a2200241 i 4500
999 _c1910
_d1910
001 20025
003 BD-DhUAP
005 20200217162819.0
008 200217s2017 enk 000 0 eng
010 _a 2016023993
020 _a9781138643130 (pbk.)
020 _a9781138643123 (hardback)
020 _z9781315629513 (ebook)
040 _aDLC
_beng
_cDLC
_erda
_dBD-DhUAP
082 0 0 _a364 NEW
_223
100 1 _aNewburn, Tim.
245 1 0 _aCriminology /
_cTim Newburn.
250 _a3rd ed.
264 1 _aLondon :
_bRoutledge, Taylor & Francis Group,
_cc2017.
300 _axxiv,1143 pages ;
_c27 cm
650 0 _aCriminology.
942 _2ddc
_cBK